都道府県人口第2位の都市 - Statistics

General Stats
  • This quiz has been taken 840 times
  • The average score is 36 of 47
Answer Stats
都道府県 2位 人口 1位 % Correct
北海道 旭川市 322,186 札幌市
97%
青森県 八戸市 216,680 青森市
94%
群馬県 前橋市 327,296 高崎市
92%
三重県 津市 269,972 四日市市
91%
千葉県 船橋市 646,940 千葉市
90%
神奈川県 川崎市 1,544,713 横浜市
90%
静岡県 静岡市 678,969 浜松市
90%
福島県 郡山市 322,232 いわき市
89%
大阪府 堺市 813,034 大阪市
89%
長野県 松本市 238,843 長野市
88%
福岡県 北九州市 917,988 福岡市
88%
茨城県 つくば市 255,012 水戸市
86%
愛知県 豊田市 416,765 名古屋市
86%
兵庫県 姫路市 522,711 神戸市
86%
山口県 山口市 191,467 下関市
86%
埼玉県 川口市 592,100 さいたま市
85%
岡山県 倉敷市 469,537 岡山市
85%
長崎県 佐世保市 234,407 長崎市
83%
新潟県 長岡市 259,609 新潟市
81%
島根県 出雲市 171,021 松江市
81%
広島県 福山市 452,614 広島市
81%
富山県 高岡市 162,018 富山市
79%
鳥取県 米子市 145,326 鳥取市
79%
大分県 別府市 113,445 大分市
79%
京都府 宇治市 176,054 京都市
78%
沖縄県 沖縄市 141,879 那覇市
78%
栃木県 小山市 166,207 宇都宮市
76%
東京都 練馬区 752,180 世田谷区
76%
滋賀県 草津市 147,292 大津市
75%
愛媛県 今治市 145,508 松山市
75%
宮城県 石巻市 134,541 仙台市
73%
岩手県 一関市 106,413 盛岡市
72%
岐阜県 大垣市 155,974 岐阜市
72%
熊本県 八代市 119,414 熊本市
72%
香川県 丸亀市 108,069 高松市
71%
宮崎県 都城市 157,869 宮崎市
69%
山形県 鶴岡市 117,464 山形市
68%
佐賀県 唐津市 113,345 佐賀市
66%
秋田県 横手市 81,070 秋田市
63%
奈良県 橿原市 119,123 奈良市
63%
石川県 白山市 109,467 金沢市
61%
和歌山県 田辺市 66,659 和歌山市
60%
鹿児島県 霧島市 122,900 鹿児島市
60%
山梨県 甲斐市 75,817 甲府市
59%
高知県 南国市 45,905 高知市
59%
徳島県 阿南市 66,900 徳島市
53%
福井県 坂井市 86,678 福井市
51%
No matching quizzes found
Score Distribution
Percent of People with Each Score
Percentile by Number Answered
Your Score History
You have not taken this quiz